|
|
|
|
| LEADER |
00000nam a2200000 a 4500 |
| 001 |
UCX7585 |
| 003 |
CL-VaPUC |
| 008 |
931217e19920000SP |||||||||||||||||spa|d |
| 082 |
0 |
4 |
|a 616.89
|b KAP
|2 21
|
| 100 |
|
|
|a Kaplan, Harold Irwin
|e author
|9 468410
|
| 700 |
0 |
|
|a Sadock, Benjamin J
|e author
|9 324475
|
| 245 |
1 |
0 |
|a Compendio de psiquiatría
|
| 300 |
|
|
|a 979 p
|
| 942 |
|
|
|c BK
|
| 945 |
|
|
|d 19931217 00:00:00
|a rbrito
|
| 260 |
|
|
|a Barcelona
|b Salvat
|c 1992
|
| 650 |
|
0 |
|a Psiquiatría
|9 308427
|
| 583 |
|
|
|a last modification
|c 19931217 00:00:00
|k Rodrigo Vera
|
| 999 |
|
|
|c 227374
|d 227372
|
| 952 |
|
|
|0 0
|1 0
|4 0
|6 616_890000000000000_KAP_1992
|7 0
|8 P
|9 226332
|a BIBEDU
|b BIBEDU
|c BIBEDU_PB
|d 2019-11-15
|i 295477K
|o 616.89 KAP 1992
|p 295477K
|r 2019-11-15
|w 2019-11-15
|y BK
|k EDU
|
| 952 |
|
|
|0 0
|1 0
|4 0
|6 616_890000000000000_KAP_1992
|7 0
|8 P
|9 226333
|a BIBEDU
|b BIBEDU
|c BIBEDU_PB
|d 2019-11-15
|i 302489K
|o 616.89 KAP 1992
|p 302489K
|r 2019-11-15
|w 2019-11-15
|y BK
|k PSI
|